000 00523nam a2200217Ia 4500
999 _c14147
_d14147
003 0100
005 20190701150559.0
008 130303s9999 xx 000 0 und d
020 _a393318885
040 _cARRUPELIB
050 _aHC240.Z9W45 1999
100 _aLandes, David S
_945247
245 4 _aThe wealth and poverty of nations
245 _bwhy some are so rich and some so poor
260 _aNew York
_bW. W. Norton
_c1999
300 _axxi
300 _b 658p. 25cm.
650 _aRegional economic disparities
_xHistory economic development
_xSocial aspects
_946723
700 _aDavid S. Landes
_946724
942 0 0 _04
_2lcc
_cMONOGRAPH